Nhà văn dân tộc thiểu số Việt Nam - Đời và văn

Сохранить в:
Библиографические подробности
Формат:
Язык:Undetermined
Опубликовано: Hà Nội Hội nhà văn 2018
Предметы:
Метки: Добавить метку
Нет меток, Требуется 1-ая метка записи!
Thư viện lưu trữ: Trung tâm Học liệu Trường Đại học Cần Thơ
LEADER 00611nam a2200181Ia 4500
001 CTU_232867
008 210402s9999 xx 000 0 und d
082 |a 895.92209 
082 |b Nh100/Q.2 
245 0 |a Nhà văn dân tộc thiểu số Việt Nam - Đời và văn 
245 0 |c Hà Lý ... [et al.] 
260 |a Hà Nội 
260 |b Hội nhà văn 
260 |c 2018 
650 |a Văn học Việt Nam,Vietnamese literature 
650 |x Lịch sử và phê bình,History and criticism 
910 |b nthai 
980 |a Trung tâm Học liệu Trường Đại học Cần Thơ